Tea or Coffee? Click Quiz - Statistics

General Stats
  • This quiz has been taken 141 times
  • The average score is 18 of 21
Answer Stats
Hint Answer % Correct
Chamomile TEA
99%
Americano COFFEE
98%
Earl Grey TEA
98%
...is made from beans COFFEE
97%
Frappé COFFEE
96%
On December 16, 1773 a protest known as the Boston ..... Party took place. TEA
96%
...is made from leaves TEA
96%
English Breakfast TEA
95%
Flat White COFFEE
94%
Masala Chai TEA
94%
...was invented in China TEA
93%
George Clooney is an ambassador of a brand of... COFFEE
90%
Ristretto COFFEE
89%
Cortado COFFEE
88%
Purple TEA
87%
For the Mad Hatter, it was always time for... TEA
87%
...was invented in Ethiopia COFFEE
81%
Turkish COFFEE
78%
Lungo COFFEE
75%
Napoleon popularized ..... in Paris. He also allegedly said: "I would rather suffer with ..... than be senseless." COFFEE
67%
Turkey has the highest consumption of ..... per capita (about 3.16 kg / 6.96 lb). TEA
42%
No matching quizzes found
Score Distribution
Percent of People with Each Score
Percentile by Number Answered
Your Score History
You have not taken this quiz